[Event "FRA-chT U20 Top"]
[Site "Bischwiller"]
[Date "2016.05.15"]
[Round "2"]
[White "Lepape, Eleonore"]
[Black "Thomas, Amaryllis"]
[Result "0-1"]
[WhiteElo "1438"]
[BlackElo "1563"]
[PlyCount "106"]
[EventDate "2016.05.14"]
[EventType "tourn"]
[EventRounds "11"]
[EventCountry "FRA"]
[SourceTitle "EXT 2019"]
[Source "ChessBase"]
[SourceDate "2018.10.10"]
[SourceVersion "1"]
[SourceVersionDate "2018.10.10"]
[SourceQuality "1"]

1. e3 d5 2. c4 Nf6 3. Nf3 g6 4. Nc3 Bg7 5. b4 0-0 6. Bb2 dxc4 7. Bxc4 c6 8. a4 a5 9. b5 c5 10. 0-0 b6 11. Qb3 e6 12. d4 Nbd7 13. Rad1 Bb7 14. Ne5 Qe7 15. Nc6 Bxc6 16. bxc6 cxd4 17. Rxd4 Nc5 18. Qc2 Nd5 19. Nxd5 exd5 20. Rxd5 Bxb2 21. Qxb2 Nxa4 22. Qb5 Nc3 23. Rd7 Qxd7 24. cxd7 Nxb5 25. Bxb5 a4 26. Ra1 a3 27. Kf1 Rfd8 28. Ke2 Kg7 29. Kd3 Ra5 30. Kc4 Kf6 31. Kb4 Ke7 32. Rxa3 Rxa3 33. Kxa3 Ra8+ 34. Kb3 Ra1 35. Kb4 Ra2 36. Bc6 Rxf2 37. Kb5 Re2 38. Kxb6 Kd8 39. Kc5 Rxe3 40. Kd4 Re1 41. Kd5 f6 42. Kd6 f5 43. Bd5 f4 44. Bf3 Rh1 45. h3 Re1 46. Bg4 h5 47. Be6 Re2 48. Bd5 Re3 49. Bf3 Re1 50. Bd5 g5 51. Bf3 h4 52. Bg4 Re3 53. Bf3 Rxf3 0-1

[Event "FRA-chT U20 Top"]
[Site "Bischwiller"]
[Date "2016.05.15"]
[Round "3"]
[White "Meillon, Judicael"]
[Black "Lepape, Eleonore"]
[Result "1-0"]
[WhiteElo "1666"]
[BlackElo "1438"]
[PlyCount "69"]
[EventDate "2016.05.14"]
[EventType "tourn"]
[EventRounds "11"]
[EventCountry "FRA"]
[SourceTitle "EXT 2019"]
[Source "ChessBase"]
[SourceDate "2018.10.10"]
[SourceVersion "1"]
[SourceVersionDate "2018.10.10"]
[SourceQuality "1"]

1. e4 c5 2. Nf3 e6 3. d4 cxd4 4. Nxd4 a6 5. Nc3 b5 6. a3 Bb7 7. Be2 Be7 8. 0-0 d6 9. f4 Nf6 10. Qe1 Nbd7 11. e5 Nd5 12. Kh1 Bh4 13. Qd2 dxe5 14. fxe5 Nxe5 15. Ne4 Nf6 16. Nc5 Bxg2+ 17. Kxg2 Qd5+ 18. Bf3 Nxf3 19. Nxf3 Qxc5 20. Nxh4 Rd8 21. Qf2 Qc6+ 22. Kg1 0-0 23. Qg2 Qc5+ 24. Kh1 Rd4 25. Be3 Ng4 26. Bxd4 Qxd4 27. Rad1 Qxb2 28. Qxg4 Qxa3 29. Rd3 Qc5 30. Rd4 f5 31. Qg1 e5 32. Nxf5 Qc6+ 33. Qg2 Qxg2+ 34. Kxg2 exd4 35. Ne7+ 1-0